000
00211nam a22000977a 4500
999
_c
522493
_d
522493
082
_a
TNC
100
_a
Swamy, B.G.L.
_9
37679
245
_a
Diary Of a Botanist
260
_a
Mysore
_b
Kavyalaya
_c
2001
300
_a
68p.